| 000 | 00484nam a2200169 i 4500 | ||
|---|---|---|---|
| 001 | 97274 | ||
| 003 | ES-MaACL | ||
| 005 | 20231228062654.0 | ||
| 007 | t| | ||
| 008 | 050708s1936 sp ||||1| spa d | ||
| 100 | 1 |
_aMarañón, Gregorio, _d1887-1960 _976311 |
|
| 245 | 1 | 3 |
_aEl Conde Duque de Olivares / _cGregorio Marañón y Posadillo. |
| 260 |
_aMadrid : _bEspasa-Calpe, _c1936. |
||
| 300 |
_aXIV, 511 p., 31 lám. ; _c25 cm. |
||
| 852 |
_aES-MaACL _jA-4421 |
||
| 999 |
_c97274 _d97274 |
||